| 000 -LEADER |
| fixed length control field |
00785nam a22001337a 4500 |
| 040 ## - CATALOGING SOURCE |
| Transcribing agency |
RUA |
| 082 ## - DEWEY DECIMAL CLASSIFICATION NUMBER |
| Classification number |
ANS SAN 2018 B648 Or.1 |
| 100 ## - MAIN ENTRY--AUTHOR NAME |
| Personal name |
SAN SOKKHEA សន សុខគា |
| 245 ## - TITLE STATEMENT |
| Title |
study on swine peproductive by artificial insemmination at VBC center and farmer takhmao city, kandal province ការសិក្សារអំពីការបង្កាត់ពូជជ្រូកបរទេសតាមរយះការបង្កាត់ពូជដោយសិប្បនិមិ្មតទៅមជ្ឃមណ្ឌល វី ប៊ី សុី និង កសិករក្រុងតាខ្មៅ ខេត្តកណ្តាល |
| 260 ## - PUBLICATION, DISTRIBUTION, ETC. (IMPRINT) |
| Place of publication |
RUA |
| Name of publisher |
Phnom penh |
| Year of publication |
2018 |
| 300 ## - PHYSICAL DESCRIPTION |
| Number of Pages |
xiii;53p |
| Other physical details |
ill; |
| Dimensions |
29cm |
| 856 ## - ELECTRONIC LOCATION AND ACCESS |
| Uniform Resource Identifier |
SAN SOKKHEA |
| 942 ## - ADDED ENTRY ELEMENTS (KOHA) |
| Koha item type |
ANS |
| 952 ## - LOCATION AND ITEM INFORMATION (KOHA) |
| Withdrawn status [LOCAL, KOHA] |
0 |
| 952 ## - LOCATION AND ITEM INFORMATION (KOHA) |
| Withdrawn status [LOCAL, KOHA] |
0 |
| 952 ## - LOCATION AND ITEM INFORMATION (KOHA) |
| Withdrawn status [LOCAL, KOHA] |
0 |
| 952 ## - LOCATION AND ITEM INFORMATION (KOHA) |
| Withdrawn status [LOCAL, KOHA] |
0 |
| 952 ## - LOCATION AND ITEM INFORMATION (KOHA) |
| Withdrawn status [LOCAL, KOHA] |
0 |
| 952 ## - LOCATION AND ITEM INFORMATION (KOHA) |
| Withdrawn status [LOCAL, KOHA] |
0 |